Indigenous biography and autobiography /

"In this absorbing collection of papers Aboriginal, Maori, Dalit and western scholars discuss and analyse the difficulties they have faced in writing Indigenous biographies and autobiographies. The issues range from balancing the demands of western and non-western scholarship, through writing a...

Full description

Bibliographic Details
Corporate Author: JSTOR (Organization)
Other Authors: Read, Peter, 1945-, Peters-Little, Frances, 1958-, Haebich, Anna
Format: eBook
Language:English
Published: Acton, A.C.T. : ANU E Press, 2008.
Series:Aboriginal history monograph series ; 17.
Subjects:
Online Access:Connect to the full text of this electronic book

MARC

Tag First Indicator Second Indicator Subfields
LEADER 00000cam a2200000Ma 4500
001 in00003840949
005 20190415174928.0
006 m o d
007 cr uu|---uuuuu
008 081110s2008 aca ob 000 0 eng d
019 |a 904805122 
020 |a 9781921536359  |q (electronic bk.) 
020 |a 1921536357  |q (electronic bk.) 
020 |z 9781921536342  |q (Print version) 
020 |z 1921536357 
035 |a (OCoLC)ocn277160340 
035 |a (OCoLC)277160340  |z (OCoLC)904805122 
037 |b ANU E Press, WK Hancock Library, The Australian National University, Acton ACT 0200 
037 |a 22573/ctt236331  |b JSTOR 
040 |a AU@  |b eng  |e pn  |c AU@  |d COA  |d JSTOR  |d ZMC  |d YDXCP  |d OCLCQ  |d OCLCO  |d OCLCQ  |d EBLCP  |d MERUC  |d UtOrBLW 
049 |a TXAM 
050 4 |a PR9608.2.A96 
072 7 |a BIO002000  |2 bisacsh 
072 7 |a SOC062000  |2 bisacsh 
082 0 4 |a 809.93592  |2 22 
245 0 0 |a Indigenous biography and autobiography /  |c editors: Peter Read, Frances Peters-Little, Anna Haebich. 
264 1 |a Acton, A.C.T. :  |b ANU E Press,  |c 2008. 
300 |a 1 online resource (x, 180 pages). 
336 |a text  |b txt  |2 rdacontent 
337 |a computer  |b c  |2 rdamedia 
338 |a online resource  |b cr  |2 rdacarrier 
490 1 |a Aboriginal history monograph ;  |v 17 
504 |a Includes bibliographical references. 
505 0 0 |t Teaching and Researching.  |t From the margins to the mainstream: towards a history of --  |t published Indigenous Australian autobiographies and biographies /  |r Oliver Haag --  |t A path of words: the reception of autobiographical Australian Aboriginal writing in Italy /  |r Francesca Di Blasio --  |t Ethical approaches to teaching Aboriginal culture and literature in Spain /  |r Susan Ballyn --  |t Multiple subjectivities: writing Duall's life as social biography /  |r Kristyn Harman --  |t Oodgeroo Noonuccal: media snapshots of a controversial life /  |r Karen Fox --  |t Indigenous Storytelling.  |t 'Never really heard of it': the certificate of exemption and lost identity /  |r Judi Wickes --  |t Biography as balancing act: life according to Joe and the rules of historical method /  |r Aroha Harris --  |t The revelation of African culture in Long walk to freedom /  |r Munzhedzi James Mafela --  |t A Dalit and a First Nations Canadian speak of the women in their bones /  |r Maria Preethi Srinivasan --  |t Principles and Protocols.  |t Consultation and critique: implementing cultural protocols in the reading of collaborative indigenous life writing /  |r Michael Jacklin --  |t Too much information: when the burden of trust paralyses representation /  |r Kristina Everett --  |t Pauline McLeod: The Magpie who became a Swan -- finding salvation in culture /  |r Simon Luckhurst --  |t The dilemmas of knowing too much: writing In the desert -- Jimmy Pike as a boy /  |r Pat Lowe. 
520 |a "In this absorbing collection of papers Aboriginal, Maori, Dalit and western scholars discuss and analyse the difficulties they have faced in writing Indigenous biographies and autobiographies. The issues range from balancing the demands of western and non-western scholarship, through writing about a family that refuses to acknowledge its identity, to considering a community demand not to write anything at all. The collection also presents some state-of-the-art issues in teaching Indigenous Studies based on auto/biography in Austria, Spain and Italy."--Publisher's description. 
500 |a Electronic resource. 
650 0 |a Aboriginal Australians  |v Biography  |x History and criticism. 
650 0 |a Autobiography.  |0 http://id.loc.gov/authorities/subjects/sh85010050 
650 7 |a BIOGRAPHY & AUTOBIOGRAPHY  |x Cultural Heritage.  |2 bisacsh 
655 7 |a Electronic books.  |2 local 
700 1 |a Read, Peter,  |d 1945-  |0 http://id.loc.gov/authorities/names/n86002923 
700 1 |a Peters-Little, Frances,  |d 1958-  |0 http://id.loc.gov/authorities/names/nb2009031651 
700 1 |a Haebich, Anna.  |0 http://id.loc.gov/authorities/names/n83010646 
710 2 |a JSTOR (Organization)  |0 http://id.loc.gov/authorities/names/no97001983 
830 0 |a Aboriginal history monograph series ;  |v 17.  |0 http://id.loc.gov/authorities/names/n98034126 
856 4 0 |u http://proxy.library.tamu.edu/login?url=http://www.jstor.org/stable/10.2307/j.ctt24h88s  |z Connect to the full text of this electronic book  |t 0 
999 f f |s c30da5f6-38fe-39a7-b6e3-45be78e11842  |i 0536fd6a-13a4-3cdb-ab53-ec0f971af2f8  |t 0 
952 f f |a Texas A&M University  |b College Station  |c Electronic Resources  |d Available Online  |t 0  |e PR9608.2.A96  |h Library of Congress classification 
998 f f |a PR9608.2.A96  |t 0  |l Available Online